Statistics for How I met your mother ultimate quiz

Click here to take the quiz!

General Stats

  • This quiz has been taken 49 times
  • The average score is 3 of 11

Answer Stats

HintAnswer% Correct
What was Barney’s jobPlease
88%
Why did Victoria and ted break up the second time?Robin
83%
Who ruins everyone’s relationshipLily
56%
Who does robin hate?Patrice
51%
What package did lily get at robins weddingThe Kennedy package
12%
How many plays are in the play bookA number
7%
Why did Barney get hit by a bus?He broke a jinx
5%
What does lily love mostMarshall thighs
5%
Who is related to BarneyHis mother
2%
Who is Barney’s true love?His suits
2%
When did weekend at Barney’s happen?In his dreams
2%

Score Distribution

Percentile by Number Answered

Percent of People with Each Score

Your Score History

You have not taken this quiz